000 00762nac a22002051u 4500
010 _a00065306
020 _a0415213339
020 _a0415213347 (pbk.)
082 0 0 _a659.2
_bT3748
090 _c1116
_d1116
100 _aTheaker, Alison.
245 1 4 _aThe public relations handbook /
_cAlison Theaker.
260 _aLondon ;
_aNew York :
_bRoutledge,
_c2001.
300 _aviii, 289 p. :
_bill. ;
_c24 cm.
440 0 _aMedia practice
504 _aIncludes bibliographical references (p. [277]-284) and index.
650 0 _aCorporations
_xPublic relations.
942 _cBB
_k659.2T3748
999 _c1116
_d1116